Statistics for 10 Biggest European Countries by Area

Click here to take the quiz!

General Stats

  • This quiz has been taken 61,745 times
  • The average score is 10 of 10

Answer Stats

km2country% Correct
3,960,000Russia
99%
551,500France
99%
505,992Spain
98%
357,168Germany
96%
323,802Norway
96%
450,295Sweden
95%
301,336Italy
95%
603,500Ukraine
94%
312,685Poland
94%
338,145Finland
93%

Score Distribution

Percentile by Number Answered

Percent of People with Each Score

Your Score History

You have not taken this quiz